| 000 | 00905nam a2200253Ia 4500 | ||
|---|---|---|---|
| 003 | OSt | ||
| 005 | 20221005111142.0 | ||
| 006 | a|||||r|||| 00| 0 | ||
| 007 | ta | ||
| 008 | 221004b |||||||| |||| 00| 0 hin d | ||
| 020 | _c395 | ||
| 024 | _a96656 | ||
| 037 |
_b572, 23/03/2009, Vani Prakashan _cTextual |
||
| 040 |
_aCRL _cCRL _bhin |
||
| 041 |
_2hin _ahin |
||
| 082 | _aNQ44wN15, 152P2 | ||
| 100 | _aहुसैन, एम. एफ. | ||
| 245 | 0 | _aएम. एफ. हुसैन की कहानी अपनी ज़ुबानी | |
| 246 | _aEma. Efa. Husain kī kahānī apanī ज़ubānī | ||
| 260 |
_aनई दिल्ली _bवाणी प्रकाशन भारत _c2002 |
||
| 300 |
_a267पृ0 _ccm. |
||
| 942 |
_hNQ44wN15, 152P2 _cTEXL _2cc |
||
| 999 |
_c1020970 _d1020970 |
||